000 01027cai a22002175a 4500
001 E144516
008 080724u xxk g 000 0 eng d
035 _a(Sirsi) u144516
041 0 _aeng
110 2 _aOmbudsman Services
_96160
245 0 0 _aOmbudsman Services: Property
520 _aWeb site of the Surveyors Ombudsman Service, which looks into complaints made against Chartered Surveying firms who are RICS members and have joined the Surveyors Ombudsman Service (SOS). Provides information on the complaints procedure and outlines how firms can join SOS.
590 _aKA
650 2 4 _aSURVEYORS OMBUDSMAN SERVICE
650 2 4 _aALTERNATIVE DISPUTE RESOLUTION
650 2 4 _aCOMPLAINTS HANDLING PROCEDURES
651 4 _aUnited Kingdom
_y1973-
690 _aMANAGEMENT-BUSINESS MANAGEMENT-CUSTOMER RELATIONSHIP MANAGEMENT-COMPLAINTS HANDLING-SURVEYORS' OMBUDSMAN SCHEME
856 4 0 _uhttps://www.ombudsman-services.org/property.html
_zView the web site free of charge at www.ombudsman-services.org...
942 _n0
999 _c120671
_d120671